000 004380000a22001690004500
041 0 _aSPA
082 0 4 _aG 342.861 O771c
245 1 0 _aConstitución política de Colombia / Jorge Ortega Torres, Compilador
250 _a15
260 _aBogotá, Colombia : TEMIS
300 _a197 Pag
001 9840
942 _cBK
999 _c39684
_d39684
336 _atexto
_btxt
_2rdacontent
337 _2rdamedia
_asin mediación
_bn
338 _2rdacarrier
_avolumen
_bnc